Teatro y literatura en la sociedad barroca.

Saved in:
Bibliographic Details
Main Author: Maravall, Jose Antonio
Format: Book
Language:English
Published: Madrid : Seminarios y Ediciones, [1972].
Series:Hora "H". Ensayos y documentos ; 21
Subjects:
LEADER 00946nam a2200241 i 4500
001 c000349213
003 CARM
005 00000000000000.0
008 851003s1972 sp 00000 eng d
019 1 |a 3988451  |z 28425876  |5 LACONCORD2021 
035 |a (OCoLC)611780  |5 LACONCORD2021 
100 1 |a Maravall, Jose Antonio. 
245 1 0 |a Teatro y literatura en la sociedad barroca. 
260 |a Madrid :  |b Seminarios y Ediciones,  |c [1972]. 
300 |a 188 p. 
490 0 |a Hora "H". Ensayos y documentos ;  |v 21 
500 |a Includes bibliographical references. 
650 0 |a Spanish drama  |y Classical period, 1500-1700  |x History and criticism. 
650 0 |a Literature and society. 
650 0 |a Baroque literature. 
852 8 |b CARM  |h A1:AL06a0  |i A05167  |p 0445466  |f BK 
999 f f |i f2de9e2d-a269-5d8d-aca2-7ce1691cfaa8  |s efe62172-3519-5cab-b5bb-dded0ef62c27 
952 f f |p Can circulate  |a CAVAL  |b CAVAL  |c CAVAL  |d CARM 1 Store  |e A05167  |f A1:AL06a0  |h Other scheme  |i book  |m 0445466